00471 a2200169 4500020001800000040003300018082001300051100002000064245005400084250001200138260003100150300003300181650002500214650001600239650001600255650003000271 a0-471-33328-X aLibrary of CongressbEnglish a510.24621 aKreyszig, Erwin00aAdvanced engineering mathematics cErwin Kreyszig a8th ed. aNew York :bWiley,cc1999. axvi, 1156, 97, 20 p. :bill. 7aMathematical physics 7aMathematics 7aMathematics 7aMathematics (Engineering)